00333cam a2200133ua 4500041001000000082001900010100002800029245005500057260004400112300001200156504000500168942000700173999001900180 ahinh a891.54bPAN/RE aPandy bachan , Sharma . aReshmi / cPandy bachan sharma.hTextual Documents aKucknow : bGanga pustakalay , c1965. a116 ; . a cBK c339272d339272